000 00569nam a2200217Ia 4500
003 OSt
005 20250828114812.0
008 241004s9999 xx 000 0 und d
020 _a9781529732078
037 _aTextbook
040 _aARTS
_beng
_cARTS
041 _aeng
_2eng
084 _aS8 R1
_qARTS
100 _aBreakwell Glynis M. Au.
_9724686
245 _aMistrust
_cBreakwell Glynis M. Au.
260 _aUSA
_bLos Angeles Sage
_c2021
300 _aix,202p.
365 _aUKP
_b29.99
942 _cTB
_hS8 R1
_2CC
_n0
999 _c1218837
_d1218837